00726cam a2200181 a 450000100100000000500170001000800410002702000300006804000180009808200190011610000320013524501480016724600360031526000570035130000340040850400540044260000480049600000693620200929154027.0080624s2002 mx ab b f001 0 spa  a9701881974z9789701881974 aDO-SdBNPcDLC a923.272bG152R1 aRíos Ruiz, Arturo,d1947-10aDe la nobleza europea :bel príncipe Hermenegildo Galeana : lo desconocido del héroe de la independencia de México /cArturo Ríos Ruiz.14aPríncipe Hermenegildo Galeana aMéxico :bInstituto Politécnico Nacional,c2002. a253 p. :bil., maps ;c21 cm. aIncluye referencias bibliográfica (p. 233-235).10aGALEANA, HERMENEGILDO,d1762-1814xFAMILIA.